00315nam a2200133Ia 4500003000400000005001700004008004000021040000700061041000800068082001200076100002600088245002200114260004500136OSt20230525113428.0210210b1923 xxu||||| |||| 00| 0 eng d cAL aeng a823/342 aSHAKESPEARE (William) aLoves labour lost aCambridgebAt the University Pressc1923